Every Song by Katy Perry - Statistics

General Stats
  • This quiz has been taken 51 times
    10 since last reset
  • The average score is 30 of 113
Answer Stats
Album Song % Correct
Prism(2013) Dark Horse
100%
Teenage Dream(2010) Last Friday Night (T.G.I.F.)
100%
Teenage Dream(2010) Teenage Dream
100%
Teenage Dream(2010) California Gurls
86%
Teenage Dream(2010) Firework
86%
One of the Boys(2008) Hot n Cold
86%
One of the Boys(2008) I Kissed a Girl
86%
Prism(2013) Roar
86%
Teenage Dream(2010) E.T.
71%
Teenage Dream: The Complete Confection(2012) Wide Awake
71%
One of the Boys(2008) One of the Boys
57%
Teenage Dream: The Complete Confection(2012) Part of Me
57%
Smile(2020) Smile
57%
Teenage Dream(2010) The One That Got Away
57%
One of the Boys(2008) Ur So Gay
57%
One of the Boys(2008) Waking Up in Vegas
57%
Prism(2013) Birthday
43%
Witness(2017) Bon Appétit
43%
Prism(2013) Love Me
43%
Teenage Dream(2010) Peacock
43%
One of the Boys(2008) Thinking of You
43%
Witness(2017) Witness
43%
One of the Boys(Bonus)(2008) A Cup of Coffee
29%
Non-Album(2025) bandaids
29%
Prism(2013) By the Grace of God
29%
Witness(2017) Chained to the Rhythm
29%
Teenage Dream(2010) Circle the Drain
29%
Non-Album(2018) Cozy Little Christmas
29%
Smile(2020) Daisies
29%
Prism(2013) Double Rainbow
29%
Prism(2013) Ghost
29%
Witness(2017) Hey Hey Hey
29%
One of the Boys(2008) If You Can Afford Me
29%
One of the Boys(2008) I'm Still Breathing
29%
Prism(2013) International Smile
29%
One of the Boys(Bonus)(2008) I Think I'm Ready
29%
Prism(2013) Legendary Lovers
29%
One of the Boys(2008) Mannequin
29%
Smile(2020) Never Really Over
29%
Teenage Dream(2010) Not Like the Movies
29%
Teenage Dream(2010) Pearl
29%
Non-Album(2016) Rise
29%
One of the Boys(2008) Self Inflicted
29%
Witness(2017) Swish Swish
29%
Prism(2013) This Is How We Do
29%
Prism(2013) This Moment
29%
Prism(2013) Unconditionally
29%
Prism(2013) Walking on Air
29%
143(2024) Woman's World
29%
Witness(Bonus)(2017) Act My Age
14%
143(2024) All the Love
14%
143(2024) Artificial
14%
Witness(2017) Bigger Than Me
14%
MTV Unplugged(2009) Brick by Brick
14%
Smile(2020) Champagne Problems
14%
Prism(Bonus)(2013) Choose Your Battles
14%
143(2024) Crush
14%
Smile(2020) Cry About It Later
14%
Witness(2017) Déjà Vu
14%
Teenage Dream: The Complete Confection(2012) Dressin' Up
14%
Non-Album(2015) Every Day Is a Holiday
14%
One of the Boys(2008) Fingerprints
14%
143(2024) Gimme Gimme
14%
143(2024) Gorgeous
14%
Smile(2020) Harleys in Hawaii
14%
143(Bonus)(2024) Has a Heart
14%
Smile(Bonus)(2020) High on Your Supply
14%
Teenage Dream(2010) Hummingbird Heartbeat
14%
143(2024) I'm His, He's Mine
14%
Witness(2017) Into Me You See
14%
Prism(Bonus)(2013) It Takes Two
14%
143(Bonus)(2024) I Woke Up
14%
143(2024) Lifetimes
14%
One of the Boys(2008) Lost
14%
Witness(2017) Mind Maze
14%
Smile(Bonus)(2020) Never Worn White
14%
143(2024) Nirvana
14%
143(Bonus)(2024) No Tears for New Year's
14%
Smile(2020) Not the End of the World
14%
143(Bonus)(2024) OK
14%
Smile(2020) Only Love
14%
Witness(2017) Pendulum
14%
Katy Hudson(2001) Piercing
14%
Witness(2017) Power
14%
Smile(2020) Resilient
14%
Witness(2017) Roulette
14%
Witness(2017) Save as Draft
14%
Katy Hudson(2001) Search Me
14%
Smile(Bonus)(2020) Small Talk
14%
Prism(Bonus)(2013) Spiritual
14%
Katy Hudson(2001) Spit
14%
Smile(2020) Teary Eyes
14%
Teenage Dream: The Complete Confection(2012) Tommie Sunshine's Megasix Smash-Up
14%
143(2024) Truth
14%
Witness(2017) Tsunami
14%
Smile(2020) Tucked
14%
Smile(2020) What Makes a Woman
14%
Teenage Dream(2010) Who Am I Living For?
14%
143(2024) Wonder
14%
Prism(Bonus)(2013) Burning Baby Blue
0%
Witness(Bonus)(2017) Dance with the Devi
0%
Katy Hudson(2001) Faith Won't Fail
0%
Prism(Bonus)(2013) From a Meow to a Roar
0%
Katy Hudson(2001) Growing Pains
0%
Katy Hudson(2001) Last Call
0%
Witness(2017) Miss You More
0%
Katy Hudson(2001) My Own Monster
0%
Katy Hudson(2001) Naturally
0%
Prism(Bonus)(2013) Queen of the Jungle
0%
Prism(Bonus)(2013) Satin Cape
0%
Prism(Bonus)(2013) The Third Coming
0%
Katy Hudson(2001) Trust in Me
0%
Katy Hudson(2001) When There's Nothing Left
0%
No matching quizzes found
Score Distribution
Percent of People with Each Score
Percentile by Number Answered
Your Score History
You have not taken this quiz since the last reset